[Event "Borovo"]
[Site "Borovo"]
[Date "1991.??.??"]
[Round "2"]
[White "Manca, Federico"]
[Black "Pavlovic, Dragan"]
[Result "1/2-1/2"]
[WhiteElo "2420"]
[BlackElo "2300"]

1.e4 c5 2.c3 Nf6 3.e5 Nd5 4.d4 cxd4 5.Nf3 Nc6 6.Bc4 Nb6 7.Bb3 d5 8.exd6 Qxd6
9.O-O Be6 10.Bxe6 Qxe6 11.Nxd4 Qd7 12.Nxc6 Qxd1 13.Rxd1 bxc6 14.Nd2 O-O-O
15.Re1 e6 16.Nf3 Bd6 17.Bg5 f6 18.Be3 e5 19.Rad1 Rd7 20.Kf1 Rhd8 21.Ke2 Nd5
22.Nd2 Bc5 23.Ne4 Bxe3 24.fxe3 Nb6 25.Rxd7 Rxd7 26.g4 Kc7 27.h4 a5 28.b3 Nd5
29.Rd1 Rf7 30.c4 Nb6 31.Nc5 Re7 32.Kf3 Nd7 33.Ne4 g6 34.Rd2 f5 35.gxf5 gxf5
36.Nd6 Re6 37.Nxf5 e4+ 38.Kf4 Ne5 39.h5 Nd3+ 40.Kg5 Ne1 41.Rd1 h6+ 42.Kg4 Nd3
43.Rg1 Rf6 44.Rf1 Kb6 45.Kh3 Kc5 46.Ng3 Re6 47.Rf8 Kb4 48.Rg8 Ka3 49.Rg6 Nc5
50.Kg4 Kxa2 51.Kf5 Kxb3 52.Ne2 Re8 53.Rxh6 Kxc4 54.Rxc6 a4 55.h6 a3 56.Nc1 Kd5
57.Rb6 Rf8+ 58.Kg6 Nd7 59.Kg7 Ra8 60.Rb5+ Kc6 61.Rh5 Nf8 62.Rh2 Kd6 63.h7 Ne6+
64.Kf6 Rf8+ 65.Kg6 Rh8 66.Rh5 Nf8+ 67.Kg7 Rxh7+ 68.Rxh7 Nxh7 69.Kxh7 Kd5
70.Kg6 Kc4 71.Kf5 Kc3 72.Kxe4 Kb2 73.Nd3+ Kc3  1/2-1/2

[Event "CSR-ch"]
[Site "Bratislava"]
[Date "1991.??.??"]
[Round "2"]
[White "Kolcak, Marek"]
[Black "Cimra, Jozef"]
[Result "1-0"]
[WhiteElo "2290"]
[BlackElo "2330"]

1.e4 c5 2.c3 Nf6 3.e5 Nd5 4.d4 cxd4 5.cxd4 d6 6.Nf3 Nc6 7.Bc4 Nb6 8.Bb5 dxe5
9.Nxe5 Bd7 10.Bxc6 Bxc6 11.Nxc6 bxc6 12.O-O e6 13.Qg4 h5 14.Qe4 Qd5 15.Nc3 Qxe4
16.Nxe4 Nd5 17.Be3 Be7 18.Rac1 Kd7 19.Nc5+ Bxc5 20.Rxc5 Rhc8 21.Bd2 Rab8
22.b3 Rb5 23.Rfc1 a6 24.Kf1 Kd6 25.Ke2 Ne7 26.Bf4+ Kd7 27.Kd3 Ra8 28.R1c4 Ra7
29.Bd2 Rab7 30.b4 g6 31.a3 R5b6 32.g3 Nd5 33.Rc2 Ra7 34.Kc4 Nf6 35.f3 Ra8
36.Bf4 Nd5 37.Bd2 Rd8 38.h4 Kc7 39.Bg5 Rd7 40.Re2 Rb5 41.Re4 Nb6+ 42.Kd3 a5
43.Bd2 a4 44.Ke3 Rd5 45.Ke2 Kd7 46.Kd3 Nc8 47.Bf4 f6 48.Kc4 Nb6+ 49.Kc3 Rdxc5+
50.dxc5 Nd5+ 51.Kd3 e5 52.Bc1 Rb8 53.f4 Re8 54.fxe5 Rxe5 55.Rxe5 fxe5 56.Bb2 Ke6
57.Bc1 Kf5 58.Bb2 Nc7 59.Ke3 Nb5 60.Bc1 Ke6 61.Ke4 Nc3+ 62.Kd3 Nd5 63.Bg5 Kf5
64.Bd8 Ke6 65.Bg5 Kf5 66.Bd8 e4+ 67.Kd4 Nxb4 68.axb4  1-0

[Event "CSR-ch"]
[Site "Bratislava"]
[Date "1991.??.??"]
[Round "4"]
[White "Kolcak, Marek"]
[Black "Banas, Jan"]
[Result "1/2-1/2"]
[WhiteElo "2290"]
[BlackElo "2370"]

1.e4 c5 2.c3 Nf6 3.e5 Nd5 4.d4 cxd4 5.cxd4 e6 6.Nf3 d6 7.a3 Bd7 8.Bd3 Bc6
9.O-O Nd7 10.b4 a6 11.Re1 Qc7 12.Nbd2 dxe5 13.dxe5 g6 14.Bb2 Bg7 15.Rc1 O-O
16.Nc4 Rfd8 17.Qb3 Ne7 18.Be4 Qb8  1/2-1/2

[Event "CSR-ch"]
[Site "Bratislava"]
[Date "1991.??.??"]
[Round "5"]
[White "David, Pavel"]
[Black "Michenka, Jozef"]
[Result "0-1"]
[WhiteElo "2400"]
[BlackElo "2300"]

1.e4 c5 2.c3 Nf6 3.e5 Nd5 4.d4 cxd4 5.Nf3 Nc6 6.Bc4 Nb6 7.Bb3 d5 8.exd6 Qxd6
9.O-O Be6 10.Na3 a6 11.Bxe6 Qxe6 12.Nxd4 Nxd4 13.Qxd4 Rd8 14.Qh4 h5 15.h3 f6
16.Nc2 g5 17.Qg3 Qe4 18.Nd4 h4 19.Qg4 Qxg4 20.hxg4 Kf7 21.b3 Nd5 22.Ne2 e5
23.c4 Nf4 24.Bxf4 gxf4 25.Rfd1 Bc5 26.Kf1 Ke6 27.f3 Be3 28.Rab1 f5 29.gxf5+ Kxf5
30.Nc3 Bd4 31.Nd5 h3 32.gxh3 Rxh3 33.Ke2 Rdh8 34.Rxd4 exd4 35.Kd3 Rxf3+ 36.Kxd4 Rf2
37.a4 Rd2+ 38.Kc3 Re2 39.Rf1 Rh3+ 40.Kb4 f3 41.Kc5 f2  0-1

[Event "CSR-ch"]
[Site "Bratislava"]
[Date "1991.??.??"]
[Round "5"]
[White "Novak, Ivan"]
[Black "Orsag, Milan"]
[Result "1/2-1/2"]
[WhiteElo "2300"]
[BlackElo "2380"]

1.e4 c5 2.c3 Nf6 3.e5 Nd5 4.d4 cxd4 5.Nf3 e6 6.cxd4 b6 7.Nc3 Nxc3 8.bxc3 Qc7
9.Bd2 d6 10.Bd3 Nd7 11.O-O dxe5 12.Nxe5 Nxe5 13.Bf4 Bd6 14.dxe5 Be7 15.Qf3 Bb7
16.Bb5+ Kf8 17.Qg3 a6 18.Be2 g5 19.Be3 Rg8 20.Rab1 b5 21.Rfd1 Rd8 22.Rxd8+ Qxd8
23.a4 Bc6 24.axb5  1/2-1/2

[Event "Brno Morava-C"]
[Site "Brno"]
[Date "1991.??.??"]
[Round "1"]
[White "Salai, Ladislav"]
[Black "Orsag, Milan"]
[Result "0-1"]
[WhiteElo "2380"]
[BlackElo "2385"]

1.e4 c5 2.c3 Nf6 3.e5 Nd5 4.d4 cxd4 5.Nf3 e6 6.cxd4 b6 7.Nc3 Nxc3 8.bxc3 Qc7
9.Bd2 d6 10.Bd3 Nd7 11.O-O dxe5 12.Re1 Bb7 13.Nxe5 Nxe5 14.Rxe5 Bd6 15.Rh5 g6
16.Bb5+ Bc6 17.Qf3 O-O-O 18.Qxc6 Qxc6 19.Bxc6 gxh5 20.Bg5 Rdf8 21.Bf6 Rhg8
22.Be4 Rg6 23.Bxg6 fxg6 24.Bg7 Rf5 25.Re1 Ra5 26.Re2 Ra4 27.Kf1 Kd7 28.Rc2 b5
29.Be5 Bxe5 30.dxe5 Re4 31.Re2 Rxe2 32.Kxe2 Kc6 33.Ke3 Kd5 34.f4 Kc4 35.Kd2 h4
36.g4 hxg3 37.hxg3 Kd5 38.Ke3 g5 39.fxg5 Kxe5 40.g4 Kd5 41.Kf4 e5+ 42.Kf5 a6  0-1

[Event "Brno Morava-A"]
[Site "Brno"]
[Date "1991.??.??"]
[Round "7"]
[White "Rogers, Ian"]
[Black "Shirov, Alexei"]
[Result "1/2-1/2"]
[WhiteElo "2565"]
[BlackElo "2610"]

1.e4 c5 2.c3 Nf6 3.e5 Nd5 4.d4 cxd4 5.Qxd4 e6 6.Nf3 Nc6 7.Qe4 f5 8.Qe2 b6
9.g3 a5 10.Bg2 Ba6 11.c4 Bc5 12.O-O O-O 13.b3 f4 14.Bb2 a4 15.Qd1 Nde7 16.Nc3 fxg3
17.hxg3 a3 18.Bc1 Qc7 19.Ne4 Bb7 20.Nxc5 bxc5 21.Qd6 Qxd6 22.exd6 Nf5 23.Rd1 Nb4
24.Ne5 Bxg2 25.Kxg2 Nc2 26.Rb1 Ra7 27.g4 Nfd4 28.Be3 Nxe3+ 29.fxe3 Nc2 30.Rd3 g5
31.Rc1 Nb4 32.Rd2 Kg7 33.Kg3 h6 34.Rb1 Rb7 35.Rh1 Rf6 36.Rhh2 Ra7 37.Rhf2 Rb7
38.Rf3 Rxf3+ 39.Kxf3 Kf6 40.Ke4 Kg7 41.Rf2 Kg8 42.Rh2 Kg7 43.Rd2 Ra7 44.Nf3 Ra8
45.Ne5 Ra7 46.Nxd7 Rxd7 47.Ke5 Kf7 48.Rf2+ Ke8 49.Kxe6 Rh7 50.Rh2 Nc6 51.e4 Nd8+
52.Kd5 Kd7 53.e5 Ne6 54.Rh1 h5 55.gxh5 g4 56.Ke4 Rf7 57.h6 Rf4+ 58.Ke3 Rf3+
59.Ke4 Rf4+ 60.Ke3 Rf3+ 61.Ke4 Ng5+ 62.Kd5 Rh3 63.Rg1 Ne6 64.b4 cxb4 65.c5 Rc3
66.h7 Rxc5+ 67.Ke4 Rc8  1/2-1/2

[Event "Budapest IM (Women)"]
[Site "Budapest"]
[Date "1991.??.??"]
[Round "1"]
[White "Rajcsanyi, Zita"]
[Black "Grabics, Monika"]
[Result "0-1"]
[WhiteElo "2115"]
[BlackElo "2115"]

1.e4 c5 2.c3 Nf6 3.e5 Nd5 4.d4 cxd4 5.Nf3 e6 6.cxd4 d6 7.Bc4 Bd7 8.O-O Bc6
9.Nc3 Nxc3 10.bxc3 Be7 11.Bf4 O-O 12.Re1 Qc7 13.Bb3 Nd7 14.exd6 Bxd6 15.Ne5 Nf6
16.c4 Rfd8 17.d5 exd5 18.cxd5 Bb5 19.Rc1 Qb8 20.Qf3 Re8 21.Nd3 Bxf4 22.Nxf4 Qd6
23.Ne2 Bd7 24.h3 Rac8 25.Ng3 g6 26.Rcd1 a5 27.Ne4 Nxe4 28.Rxe4 b5 29.Rxe8+ Bxe8
30.Qe2 Bd7 31.Bc2 b4 32.Be4 a4 33.Qb2 a3 34.Qd2 Qe5 35.Qd4 Qxd4 36.Rxd4 Rc1+
37.Kh2 b3 38.axb3 a2  0-1

[Event "Spring op"]
[Site "Budapest"]
[Date "1991.??.??"]
[Round "4"]
[White "Kranzl, Peter"]
[Black "Lanka, Zigurds"]
[Result "1/2-1/2"]
[WhiteElo "2300"]
[BlackElo "2510"]

1.e4 c5 2.c3 Nf6 3.e5 Nd5 4.d4 cxd4 5.Nf3 Nc6 6.Bc4 Nb6 7.Bb3 d6 8.exd6 e6
9.Nxd4 Qxd6 10.Nb5 Qb8 11.Be3 Be7 12.Qf3 O-O 13.Qg3 e5 14.Nd2 Bf5 15.Bxb6 axb6
16.Nc4 Na5 17.O-O Nxc4 18.Bxc4 Kh8 19.Bd5 Bd7 20.c4 Bxb5 21.cxb5 Ra4 22.a3 Rf4
23.b4 f5 24.Qe3 Bd8 25.Rac1 Rg4 26.Rc4 Rxc4 27.Bxc4 Qd6 28.Qd3 Qxd3 29.Bxd3 e4
30.Bc4 Bf6 31.Be6 Bd4 32.Rc1 e3 33.Kf1 exf2 34.Rc8 Rxc8 35.Bxc8  1/2-1/2

[Event "Budapest"]
[Site "Budapest"]
[Date "1991.??.??"]
[Round "6"]
[White "Blatny, Pavel"]
[Black "Stajcic, Nikola"]
[Result "1-0"]
[WhiteElo "2495"]
[BlackElo "2345"]

1.e4 c5 2.c3 Nf6 3.e5 Nd5 4.d4 cxd4 5.Nf3 Nc6 6.Bc4 Nb6 7.Bb3 d5 8.exd6 Qxd6
9.Na3 a6 10.cxd4 e6 11.O-O Be7 12.Be3 O-O 13.Qe2 Bf6 14.Rfd1 Rd8 15.Rac1 Bd7
16.d5 Nxd5 17.Bxd5 exd5 18.Nc4 Qe6 19.Nb6 d4 20.Nxa8 Rxa8 21.Qd2 Qxa2 22.Nxd4 h6
23.Ra1 Qc4 24.Rac1 Qa2 25.Rc3 Re8 26.h3 Re4 27.Rd3 Ne5 28.Ra3 Qd5 29.Ra5 Qd6
30.Qc2 Rh4 31.Rxe5 Qxe5 32.Nf3 Qe6 33.Nxh4 Bxh4 34.Qc7 Bc6 35.Qb8+ Kh7 36.Qd6 Qe8
37.Qd4 Bf6 38.Qd3+ Be4 39.Qd2 Qb5 40.Bd4 Bxd4 41.Qxd4 Bg6 42.Rc1 Qa5 43.Kh2 Qb5
44.Rc7 Qb3 45.Re7 a5 46.h4 h5 47.Re8 Qb5 48.Qd8 Bb1 49.Rh8+ Kg6 50.Qd6+ f6
51.Qg3+ Kf7 52.Rc8 Bf5 53.Qc7+ Kg6 54.Qg3+ Kh7 55.Rc7 Bg6 56.Qc3 Qb6 57.Kg1 Be4
58.Re7 Bg6 59.Rc7 Be4 60.Qc5 Qxc5 61.Rxc5 a4  1-0

[Event "Budapest IM"]
[Site "Budapest"]
[Date "1991.??.??"]
[Round "10"]
[White "Kranzl, Peter"]
[Black "Holzke, Frank"]
[Result "0-1"]
[WhiteElo "2300"]
[BlackElo "2345"]

1.e4 c5 2.c3 Nf6 3.e5 Nd5 4.d4 cxd4 5.Qxd4 e6 6.Nf3 Nc6 7.Qe4 h6 8.Nbd2 d6
9.Nc4 dxe5 10.Ncxe5 Bd6 11.Bb5 Qc7 12.O-O O-O 13.Re1 Nf6 14.Qe2 Rd8 15.Ba4 Nxe5
16.Nxe5 b6 17.Bf4 Bb7 18.Bc2 Bd5 19.Bg3 Qb7 20.c4 Bxg2 21.a3 Bh3 22.f3 Qc7
23.Rad1 Nh5 24.Bf2 Qe7 25.Bd4 Qg5+ 26.Ng4 Nf4 27.Qe4 f5 28.Qb7 fxg4 29.fxg4 Qxg4+
30.Kf2 Rf8  0-1

[Event "Budapest IM (Women)"]
[Site "Budapest"]
[Date "1991.??.??"]
[Round "10"]
[White "Rajcsanyi, Zita"]
[Black "Kereszturi, Sara"]
[Result "1/2-1/2"]
[WhiteElo "2115"]
[BlackElo "2090"]

1.e4 c5 2.c3 Nf6 3.e5 Nd5 4.d4 cxd4 5.Nf3 Nc6 6.Bc4 Nb6 7.Bb3 d5 8.cxd4 Bf5
9.Nc3 e6 10.Bg5 Be7 11.Bxe7 Qxe7 12.O-O O-O 13.Qe2 a6 14.Rac1 Qb4 15.Qd1 Na5
16.Nh4 Nxb3 17.axb3 Bg6 18.Na4 Nxa4 19.bxa4 Rac8 20.Nxg6 Rxc1 21.Ne7+ Qxe7
22.Qxc1 Qb4 23.Qc5 Qxb2 24.a5 h6 25.g3 b6 26.Qxb6 Qxb6 27.axb6 Rb8 28.Rb1 Rb7
29.Kf1 Kf8 30.Rb3 Ke7 31.Ke2 Kd7 32.Kd2 Kc6 33.Kc2 Rxb6 34.Rf3 Rb7 35.Rc3+ Kd7
36.Rf3 Ke7 37.Ra3 Rb6 38.Kc3 f6 39.f4 fxe5 40.fxe5 Kf7 41.Kd3 Kg6 42.Ke3 Kf5
43.Kf3 h5 44.h3 g6 45.Ke3 g5 46.Kf3 g4+ 47.hxg4+ hxg4+ 48.Ke3 a5 49.Rxa5 Rb3+
50.Kf2 Ke4 51.Ra6 Rb2+ 52.Kg1 Kxd4 53.Rxe6 Ke4 54.Re8 d4 55.e6 d3 56.Rd8 Rb7
57.Rd7 Rb8 58.e7 Re8 59.Kf2 Kf5 60.Ke3 Ke6 61.Rxd3 Rxe7  1/2-1/2

[Event "Buenos Aires Konex"]
[Site "Buenos Aires"]
[Date "1991.??.??"]
[Round "2"]
[White "Perez Pietronave, Carlos"]
[Black "Akopian, Vladimir"]
[Result "0-1"]
[WhiteElo "2280"]
[BlackElo "2555"]

1.e4 c5 2.c3 Nf6 3.e5 Nd5 4.d4 cxd4 5.Nf3 e6 6.cxd4 b6 7.Nbd2 Be7 8.h4 Ba6
9.Ne4 Bxf1 10.Kxf1 f5 11.Nd6+ Bxd6 12.exd6 Nc6 13.Ne5 Nxe5 14.dxe5 O-O 15.Bg5 Qc8
16.Qe2 Qc5 17.Rc1 Qa5 18.Rh3 Rfc8 19.Rxc8+ Rxc8 20.Ra3 Qb4 21.Rxa7 h6 22.Qa6 Rc2
23.Rc7 Qd4 24.Ke1 Qxf2+ 25.Kd1 hxg5  0-1

[Event "Burgas"]
[Site "Burgas"]
[Date "1991.??.??"]
[Round "7"]
[White "Pedersen, Thomas Schou"]
[Black "Manolov, Ivan"]
[Result "1-0"]
[WhiteElo "2205"]
[BlackElo "2380"]

1.e4 c5 2.c3 Nf6 3.e5 Nd5 4.d4 cxd4 5.Nf3 e6 6.cxd4 d6 7.Nc3 dxe5 8.Nxe5 Nxc3
9.bxc3 Nd7 10.Bb5 Bd6 11.Qg4 Kf8 12.O-O Nxe5 13.dxe5 Bxe5 14.Ba3+ Kg8 15.Rad1 Qc7
16.Rfe1 Bf6 17.Bd6 Qb6 18.Re5 h5 19.Rxh5 Rxh5 20.Qxh5 e5 21.Bc4 Be6 22.Bd3 g6
23.Bxg6 fxg6 24.Qxg6+ Bg7 25.Qxe6+ Kh8 26.c4 Rd8 27.c5 Qb2 28.Qg4 Kg8 29.h4 Qc2
30.h5 Kh7 31.Re1 Re8 32.f4 Rg8 33.f5 Bf6 34.Qf3 Bh4 35.Rf1 e4 36.Qh3 e3 37.g3 e2
38.Re1 Qd2 39.Kf2 Bf6 40.Qh1 Bd4+ 41.Kg2 Qd3 42.Qh4 Be3 43.Qe7+ Rg7 44.Qe5 Qd2
45.h6 Bxh6 46.Rxe2 Rxg3+ 47.Kxg3  1-0

[Event "Cappelle op"]
[Site "Cappelle la Grande"]
[Date "1991.??.??"]
[Round "?"]
[White "Rausis, Igors"]
[Black "Anastasian, Ashot"]
[Result "0-1"]
[WhiteElo "2440"]
[BlackElo "2475"]

1.e4 c5 2.c3 Nf6 3.e5 Nd5 4.d4 cxd4 5.cxd4 d6 6.Nf3 Nc6 7.Bc4 Nb6 8.Bb5 d5
9.Nc3 Bg4 10.h3 Bxf3 11.Qxf3 e6 12.O-O Be7 13.Qg4 Kf8 14.Be3 h5 15.Qe2 Rc8
16.Rac1 g6 17.Nb1 Kg7 18.Nd2 Qd7 19.Nb3 a6 20.Bxc6 Rxc6 21.Rxc6 Qxc6 22.Rc1 Qd7
23.Nc5 Qc8 24.b3 Qb8 25.Rc3 Rc8 26.Qc2 Rc6 27.Nd3 Rxc3 28.Qxc3 Qc8 29.Bd2 Qxc3
30.Bxc3 Nc8 31.Bb4 b6 32.g4 a5 33.Bd2 Na7 34.a4 Nc6 35.Be3 hxg4 36.hxg4 Bb4
37.Nc1 Ba3 38.Nd3 Bb4 39.Nc1 g5 40.Kf1 Kg6 41.Ke2 f5 42.exf6 Kxf6 43.Na2 Bd6
44.Nc3 Bf4 45.Nb5 Bxe3 46.Kxe3 e5 47.Kd3 exd4 48.Nd6 Ke5 49.Nc8 Nb4+ 50.Kd2 Kf4
51.Nxb6 Kxg4 52.Ke2 d3+ 53.Ke1 Kf3 54.Nd7 Nc2+ 55.Kd2 Kxf2 56.Kxd3 Nb4+ 57.Kd4 g4
58.Ne5 g3 59.Ng4+ Ke2  0-1

[Event "Cappelle op"]
[Site "Cappelle la Grande"]
[Date "1991.??.??"]
[Round "4"]
[White "Lalic, Susan"]
[Black "Lanc, Alois"]
[Result "1-0"]
[WhiteElo "2300"]
[BlackElo "2470"]

1.e4 c5 2.c3 Nf6 3.e5 Nd5 4.d4 cxd4 5.Nf3 e6 6.cxd4 d6 7.a3 Be7 8.Bd3 Nc6
9.O-O b6 10.Nbd2 dxe5 11.Nxe5 Nxe5 12.dxe5 Bb7 13.Qa4+ Kf8 14.Be4 g6 15.Nf3 Kg7
16.Re1 h6 17.Bd2 Qe8 18.Qd1 Rc8 19.Rc1 Qb5 20.b4 Qa6 21.Bd3 Qxa3 22.Ra1 Qxd3
23.Bxh6+ Rxh6 24.Qxd3 Bxb4 25.Rxa7 Bxe1 26.Nxe1 Rc7 27.Ra1 Rh4 28.Nf3 Rhc4
29.h4 Nf4 30.Qd8 Nxg2 31.Qf6+ Kg8 32.h5 gxh5 33.Rd1 Rc1 34.Qg5+ Kf8 35.Rxc1 Rxc1+
36.Qxc1 Bxf3 37.Qa3+  1-0

[Event "Catania op"]
[Site "Catania"]
[Date "1991.??.??"]
[Round "?"]
[White "Godena, Michele"]
[Black "Vukovic, Zdravko"]
[Result "1/2-1/2"]
[WhiteElo "2405"]
[BlackElo "2395"]

1.e4 c5 2.c3 Nf6 3.e5 Nd5 4.d4 cxd4 5.Nf3 Nc6 6.cxd4 d6 7.Bc4 e6 8.Qe2 Be7
9.O-O O-O 10.Qe4 Qc7 11.Bd3 g6 12.Bh6 Rd8 13.Nbd2 dxe5 14.dxe5 Bd7 15.Rac1 Rdc8
16.Rfd1 Qd8 17.Bc4 Nb6 18.Qf4 Nd5 19.Bxd5 exd5 20.Ng5 Bxg5 21.Bxg5 Nd4 22.Qxd4 Qxg5
23.f4 Qf5 24.Nf1 Be6 25.Ne3 Qe4 26.Qxe4 dxe4 27.b3 a5 28.Rxc8+ Rxc8 29.Kf2 h5
30.Rd4 b5 31.Rxe4 Rc1 32.Rd4 Ra1 33.Rd2 a4 34.bxa4 bxa4 35.Nd5 Bxd5 36.Rxd5 Rxa2+
37.Kf3 Rc2 38.Ra5 Rc4 39.Ra7  1/2-1/2

[Event "Cheliabinsk-A"]
[Site "Cheliabinsk"]
[Date "1991.??.??"]
[Round "?"]
[White "Sherbakov, Ruslan"]
[Black "Kiselev, Sergey"]
[Result "1/2-1/2"]
[WhiteElo "2525"]
[BlackElo "2510"]

1.e4 c5 2.c3 Nf6 3.e5 Nd5 4.d4 cxd4 5.Nf3 Nc6 6.Bc4 Nb6 7.Bb3 d5 8.exd6 Qxd6
9.O-O Be6 10.Bxe6 Qxe6 11.Nxd4 Nxd4 12.Qxd4 Rd8 13.Qf4 g6 14.Be3 Bg7  1/2-1/2

[Event "Cheliabinsk op"]
[Site "Cheliabinsk"]
[Date "1991.??.??"]
[Round "35"]
[White "Sveshnikov, Evgeny"]
[Black "Veremeichik, Vladimir"]
[Result "1/2-1/2"]
[WhiteElo "2510"]
[BlackElo "2300"]

1.e4 c5 2.c3 Nf6 3.e5 Nd5 4.Nf3 Nc6 5.d4 cxd4 6.cxd4 d6 7.Nc3 dxe5 8.dxe5 Nxc3
9.Qxd8+ Nxd8 10.bxc3 Bd7 11.Nd4 Rc8 12.Be3 a6 13.Kd2 e6 14.Rb1 Bc5 15.Bd3 O-O
16.f4 Rc7 17.Nc2 f6 18.exf6 gxf6 19.Rhf1 Bxe3+ 20.Nxe3 Nf7 21.Rf3 Nd6 22.Rg3+ Kh8
23.Rb4 Bc6 24.Rd4 Rd7 25.Ke1 e5 26.fxe5 fxe5 27.Rdg4 Ne8 28.Bf5 Re7 29.Rh4 Nd6
30.Bd3 e4 31.Be2 Rg7 32.Bg4 Be8 33.c4 Rg5 34.Rgh3 Bg6 35.Bh5 Nf5 36.Nxf5 Bxf5
37.Rf4 Rxg2 38.Be2 Kg7 39.Rg3+ Rxg3 40.hxg3 Bg6 41.Rxf8 Kxf8 42.Kd2 Ke7 43.Ke3 Kd6
44.Kd4 b6 45.a3 a5 46.Bg4 h6 47.Bc8 e3 48.Kxe3 Kc5 49.Ba6  1/2-1/2

[Event "Politicen Cup"]
[Site "Copenhagen"]
[Date "1991.??.??"]
[Round "?"]
[White "Kristensen, Jorgen Juul"]
[Black "Hellers, Ferdinand"]
[Result "1/2-1/2"]
[WhiteElo "2290"]
[BlackElo "2550"]

1.e4 c5 2.c3 Nf6 3.e5 Nd5 4.d4 cxd4 5.Nf3 Nc6 6.Bc4 Nb6 7.Bb3 d6 8.exd6 Qxd6
9.Na3 a6 10.O-O e6 11.cxd4 Be7 12.Be3 O-O 13.Ne5 Nb4 14.Qf3 N4d5 15.Rad1 Bd7
16.Bc2 Ba4 17.Nac4 Nxc4 18.Nxc4 Qc7 19.Bxa4 Qxc4 20.Bb3 Qb5 21.Rc1 Rad8 22.Qe4 Qb6
23.Qc2 Rd7 24.Qe2 Rfd8 25.Rfd1 Bf6 26.h3 Qd6 27.Ba4 b5 28.Bb3 Ne7 29.Qf3 Qb8
30.Qe4 Qb7 31.Qxb7 Rxb7 32.Rd2 Rbd7 33.Rcd1 g6 34.Kf1 Kg7 35.Ke2 Nf5 36.d5 exd5
37.Rxd5 Rxd5 38.Rxd5 Rxd5 39.Bxd5 Bxb2 40.Bb7 Nxe3 41.Kxe3 a5 42.Ke4 b4 43.Bc6 f5+
44.Kf3 Kf6 45.g4 Bc1 46.gxf5 Kxf5 47.Be4+ Ke5 48.h4 Kd4 49.h5 a4 50.hxg6 hxg6
51.Bxg6 b3 52.Bf7 b2 53.Bg6 Bh6  1/2-1/2

[Event "CZE-ch"]
[Site "CSR"]
[Date "1991.??.??"]
[Round "7"]
[White "Brychta, Ivan"]
[Black "Orsag, Milan"]
[Result "0-1"]
[WhiteElo "2300"]
[BlackElo "2385"]

1.e4 c5 2.c3 Nf6 3.e5 Nd5 4.d4 cxd4 5.cxd4 e6 6.Nc3 Nxc3 7.bxc3 Qc7 8.Bd2 d6
9.f4 Nd7 10.Nf3 Nb6 11.Bd3 g6 12.h4 h5 13.c4 d5 14.c5 Nc4 15.Bxc4 dxc4 16.Qa4+ Bd7
17.Qxc4 Be7 18.Kf2 Bc6 19.g3 Kf8 20.Rhc1 Kg7 21.Be3 Bd5 22.Qb5 Rhc8 23.Nd2 b6
24.a4 Rab8 25.Qd3 Ba8 26.cxb6 Qxb6 27.d5 Qb7 28.Ke2 Bb4 29.Rxc8 Rxc8 30.a5 Rc3
31.a6 Qd7 32.Qd4 Qb5+ 33.Ke1 Rd3 34.Qxa7 Qxd5 35.Rd1 Qg2 36.Bf2 Bf3 37.Qb6 Qh1+
38.Bg1 Bxd1 39.Qxb4 Qxg1+ 40.Nf1 Bf3  0-1

[Event "NLD-ch (Women)"]
[Site "Dieren"]
[Date "1991.??.??"]
[Round "2"]
[White "De Kleuver, Esther"]
[Black "Belle, Erika"]
[Result "1/2-1/2"]
[WhiteElo "2120"]
[BlackElo "2100"]

1.e4 c5 2.c3 Nf6 3.e5 Nd5 4.d4 cxd4 5.Nf3 Nc6 6.Bc4 Nb6 7.Bb3 d5 8.exd6 Qxd6
9.O-O Bf5 10.Na3 a6 11.cxd4 e6 12.Be3 Be7 13.Ne5 Rd8 14.Nxc6 Qxc6 15.Rc1 Qd7
16.Qf3 O-O 17.Rfd1 Rc8 18.Nc4 Nxc4 19.Bxc4 b5  1/2-1/2

[Event "Dortmund-D"]
[Site "Dortmund"]
[Date "1991.??.??"]
[Round "3"]
[White "Stein, Bernd"]
[Black "Hoffmann, Michael"]
[Result "1/2-1/2"]
[WhiteElo "2370"]
[BlackElo "2370"]

1.e4 c5 2.c3 Nf6 3.e5 Nd5 4.d4 cxd4 5.Qxd4 e6 6.Nf3 Nc6 7.Qe4 f5 8.exf6 Nxf6
9.Qh4 d5 10.Bd3 Bd6 11.Bg5 e5 12.Bg6+  1/2-1/2

[Event "Dortmund-C"]
[Site "Dortmund"]
[Date "1991.??.??"]
[Round "6"]
[White "Janovsky, Sergey"]
[Black "Rigo, Janos"]
[Result "1-0"]
[WhiteElo "2430"]
[BlackElo "2385"]

1.e4 c5 2.c3 Nf6 3.e5 Nd5 4.d4 cxd4 5.Nf3 Qc7 6.cxd4 b6 7.Bd2 Ba6 8.Bxa6 Nxa6
9.Qb3 Nab4 10.O-O Qc2 11.Bxb4 Qxb3 12.axb3 Nxb4 13.Nc3 a6 14.Rfc1 f6 15.Nb5 Kf7
16.Rc7 Rd8 17.Nc3 d6 18.exf6 gxf6 19.d5 Bg7 20.Re1 Rhe8 21.Nd4 f5 22.Ne6 Rc8
23.Rxc8 Rxc8 24.Nxg7 Kxg7 25.Rxe7+ Kg8 26.g4 fxg4 27.Re4 a5 28.Rxg4+ Kf7
29.Kf1 Kf6 30.Re4 Kf5 31.Re7 h6 32.Ke2 Rc5 33.Rf7+ Ke5 34.f4+ Kd4 35.Re7 Rxc3
36.bxc3+ Kxc3 37.f5 Nxd5 38.Re6 Kd4 39.Kf3  1-0

[Event "Telecom op"]
[Site "Dublin"]
[Date "1991.??.??"]
[Round "?"]
[White "Lalic, Susan"]
[Black "Parker, Jonathan"]
[Result "1/2-1/2"]
[WhiteElo "2300"]
[BlackElo "2310"]

1.e4 c5 2.c3 Nf6 3.e5 Nd5 4.d4 cxd4 5.Nf3 Nc6 6.cxd4 d6 7.Bc4 Nb6 8.Bb5 d5
9.Be3 Bg4 10.h3 Bh5 11.e6 fxe6 12.g4 Bf7 13.Ne5 Rc8 14.Qf3 Bg8 15.Nd2 Nd7
16.Bxc6 bxc6 17.Nxd7 Qxd7 18.Nb3 e5 19.dxe5 c5 20.Bxc5 d4 21.O-O Bxb3 22.Qxb3 Rxc5
23.e6 Qb5 24.Qf3 Qc6 25.Qf7+ Kd8 26.Rad1 Qd6 27.Qf3 Qxe6 28.Rxd4+ Ke8 29.Rfd1 Rc8
30.R1d3 g6 31.Re3 Qc6 32.Qe2 Qf6 33.Qb5+ Kf7 34.Qd5+ Kg7 35.g5 Rc1+ 36.Kh2 Qd6+
37.Qxd6 exd6 38.Ra4 Rc7 39.Rea3 Be7 40.Rxa7 Rxa7 41.Rxa7 Kf7 42.Kg3 Ke6 43.f4 Rb8
44.b3 Rb4 45.h4 Re4 46.Ra6 Rd4 47.Ra7 d5 48.h5 Bd6 49.Rxh7 Bxf4+ 50.Kf3 Bxg5
51.hxg6 Kf6 52.g7 Kf7 53.g8=Q+ Kxg8 54.Rb7 Rf4+ 55.Ke2 Rf7 56.Rb5 Rd7 57.Kd3 Kf7
58.Rb6 Bd8 59.Ra6 Ke7 60.a4 Rd6 61.Ra7+ Ke6 62.b4 Rb6 63.b5 Kd6 64.Ra8 Bf6
65.Rc8 Ke5 66.Rc1 Rb8 67.Rb1 Bd8 68.Re1+ Kd6 69.Rc1 Rb7 70.Rc6+ Ke5 71.Rc8 Bb6
72.Rc6 d4 73.Rh6 Kd5 74.a5 Bxa5 75.Rh5+ Kd6 76.Kxd4 Rg7 77.Rh6+ Kc7 78.Kd5 Rg5+
79.Ke4 Rg4+ 80.Kd5 Bd2 81.Re6 Bb4 82.Re4 Rg5+ 83.Kc4 Bd6 84.Kd3 Rxb5 85.Rc4+ Bc5
86.Ke4 Kd6 87.Ra4 Bb6 88.Rc4 Re5+ 89.Kf4 Re8 90.Rc2 Kd5 91.Kf3 Bd4 92.Re2 Rf8+
93.Kg4 Rf1 94.Re8 Be5 95.Ra8 Ke4 96.Ra4+ Bd4 97.Kh4 Rg1 98.Rb4 Ke5 99.Ra4 Be3
100.Rg4 Rf1 101.Ra4 Rg1 102.Rg4 Rh1+ 103.Kg3 Kf5 104.Rb4 Bd2 105.Rd4 Bc3
106.Ra4 Rd1 107.Kf3 Rd3+ 108.Ke2 Rh3 109.Ra8 Ke4 110.Re8+ Be5 111.Ke1 Rh2
112.Re7 Kd4 113.Re8 Bg3+ 114.Kf1 Rc2 115.Re2 Rc8 116.Kg2 Bf4 117.Kf3 Bh6
118.Re7 Rf8+ 119.Kg4 Bf4 120.Ra7 Bd6 121.Ra4+ Ke3 122.Kg5 Kf3 123.Kg6 Bf4
124.Kg7 Rf5 125.Kg6 Kg4 126.Ra2 Re5 127.Rg2+ Bg3 128.Rg1 Re6+ 129.Kf7 Ra6
130.Ke7 Kf4 131.Kd7 Bh4 132.Rc1 Ke5 133.Rc5+ Kd4 134.Rc6 Ra5 135.Rd6+ Ke5
136.Re6+ Kf5 137.Re2 Ra6 138.Re3 Bg5 139.Rc3 Bf4 140.Rf3 Ke4 141.Rf1 Rd6+
142.Ke7 Rd3 143.Ke6 Bg3 144.Kf6 Rd8 145.Rb1 Bh4+ 146.Ke6 Rd4 147.Rg1 Kf4
148.Rf1+ Ke3 149.Rg1 Ra4 150.Kd5 Ra5+ 151.Kc4 Bf2 152.Rg8 Re5 153.Rg4  1/2-1/2

[Event "Eger op"]
[Site "Eger"]
[Date "1991.??.??"]
[Round "?"]
[White "Okhotnik, Vladimir"]
[Black "Krockenberger, Martin"]
[Result "1-0"]
[WhiteElo "2425"]
[BlackElo "2315"]

1.e4 c5 2.c3 Nf6 3.e5 Nd5 4.d4 cxd4 5.Nf3 e6 6.cxd4 b6 7.Nc3 Nxc3 8.bxc3 Qc7
9.Bd2 d6 10.Bd3 Nd7 11.Ng5 Bb7 12.exd6 Bxd6 13.Ne4 Bf4 14.Bxf4 Qxf4 15.Qd2 Qxd2+
16.Kxd2 Ke7 17.f4 Nf6 18.Nxf6 Kxf6 19.Rhg1 Rac8 20.a4 Bd5 21.a5 bxa5 22.Rxa5 Rc7
23.g4 h6 24.h4 g6 25.Rga1 Ra8 26.R1a3 Kg7 27.Rc5 Rxc5 28.dxc5 Rc8 29.Ra5 Rc7
30.Ke3 Kf6 31.g5+ hxg5 32.hxg5+ Ke7 33.Kd4 Bg2 34.Bb5 Bf3 35.c4 Bg2 36.Ra2 Bf3
37.Ra6 Bg2 38.Ra3 Bh1 39.Rh3 Bc6 40.Rh8 Kd7 41.Ra8 Rb7 42.Rf8 Bxb5 43.Rxf7+ Kc6
44.Rxb7  1-0

[Event "Eger op"]
[Site "Eger"]
[Date "1991.??.??"]
[Round "?"]
[White "Biro, Sandor"]
[Black "Krockenberger, Martin"]
[Result "1-0"]
[WhiteElo "2335"]
[BlackElo "2315"]

1.e4 c5 2.c3 Nf6 3.e5 Nd5 4.d4 cxd4 5.Nf3 e6 6.cxd4 b6 7.Nc3 Nxc3 8.bxc3 Qc7
9.Be2 Bb7 10.O-O d6 11.Bf4 Nd7 12.Re1 d5 13.Qd3 Be7 14.Ng5 Bxg5 15.Bxg5 Nb8
16.Qh3 Nc6 17.Bd3 Na5 18.f4 Bc8 19.f5 Nc4 20.a4 Bd7 21.Qg3 exf5 22.e6  1-0

[Event "FIN-chT"]
[Site "FIN"]
[Date "1991.??.??"]
[Round "?"]
[White "Havansi, Erkki ET"]
[Black "Rantanen, Yrjo A"]
[Result "1/2-1/2"]
[WhiteElo "2275"]
[BlackElo "2415"]

1.e4 c5 2.c3 Nf6 3.e5 Nd5 4.d4 cxd4 5.cxd4 d6 6.Nf3 Nc6 7.Bc4 Nb6 8.Bb5 dxe5
9.Nxe5 Bd7 10.Bxc6 Bxc6 11.Nxc6 bxc6 12.O-O g6 13.Re1 Bg7 14.Bg5 O-O 15.Bxe7 Qxd4
16.Nc3 Rfe8 17.Qf3 Nc4 18.Qxc6 Ne5 19.Qd6 Qxd6 20.Bxd6 Nc4 21.Bg3 Nxb2 22.Nb5 Red8
23.Rab1 a5 24.h3 Rd2 25.Bf4 Rc2 26.Na3 Rcc8 27.Re2 Nd3 28.Be3 Bf8 29.Nc2 a4
30.Rd2 Ne5 31.Bd4 Nc4 32.Re2 Rc6 33.Rb7 Nd6 34.Rb6 Rxb6 35.Bxb6 Rb8 36.Bc5 Rb2
37.Nd4 Rb1+ 38.Kh2 Rd1 39.Rc2 h5 40.g3 Rd3 41.Kg2 Ne4 42.Bxf8 Kxf8 43.Nb5 f5
44.h4 Ke7 45.f3 Nd2 46.Rc7+ Kf6 47.Rc6+ Kg7 48.Rc7+ Kh6 49.Ra7 Rd5 50.Nc3 Rc5
51.Ne2 Rc2 52.Rxa4 Nb1 53.Kf2 Rxe2+ 54.Kxe2 Nc3+ 55.Kd3 Nxa4 56.Kc4 f4 57.gxf4 Kg7
58.Kb4 Nb2 59.Kc3 Na4+ 60.Kb4 Nb2 61.Kc3 Nd1+ 62.Kd2 Nb2 63.Kc3 Na4+ 64.Kb4 Nb6
65.Kc5 Nc8 66.Kc6 Kf7 67.a4  1/2-1/2